000 00277nam a2200109Ia 4500
008 190216s9999||||xx |||||||||||||| ||und||
100 _aNull
245 4 _aThe Soviet Unionfasts Problems Appraisals 4th Issue
260 _bNovesti Press Agency
650 _aHistory
942 _cBK
999 _c19468
_d19468